| 000 | 00527nam a2200205Ia 4500 | ||
|---|---|---|---|
| 005 | 20140403110928.0 | ||
| 008 | 140130s9999 xx 000 0 und d | ||
| 020 | _a9780439183000 | ||
| 050 |
_aPZ 7 _b.B75235Cn 2001 |
||
| 100 |
_aBridwell, Norman. _923197 |
||
| 245 |
_cNorman bridwell. _aClifford's Valentine / |
||
| 260 |
_bScholastic Inc, _c2001. _aUSA : |
||
| 300 |
_a28 p. : _bill. col. ; _c24 cm. |
||
| 440 |
_v1 _931025 |
||
| 521 | _aBR | ||
| 526 | _cBR | ||
| 942 |
_cBK _2lcc |
||
| 999 |
_c41472 _d41472 |
||